States by Number of Train Stations/Stops - Statistics

General Stats
  • This quiz has been taken 99 times
    95 since last reset
  • The average score is 11 of 15
Answer Stats
Rank # of Stations State % Correct
1 756 New York
100%
2 664 California
97%
9 122 Florida
95%
7 225 Texas
89%
4 434 Illinois
88%
11 89 Washington
88%
3 602 Pennsylvania
81%
14 79 Virginia
80%
5 284 Massachusetts
78%
6 238 New Jersey
78%
10 117 Maryland
73%
8 178 Oregon
62%
11 89 Colorado
50%
13 80 Arizona
45%
14 79 Utah
38%
No matching quizzes found
Score Distribution
Percent of People with Each Score
Percentile by Number Answered
Your Score History
You have not taken this quiz since the last reset